Statistics for Youngest Formula 1 drivers of all time

Click here to take the quiz!

General Stats

  • This quiz has been taken 158 times
  • The average score is 7 of 20

Answer Stats

Debut yearAgeDriver% Correct
201517y 05m 15dVerstappen
97%
201919y 04m 04dNorris
80%
200719y 11m 14dVettel
80%
201820y 05m 09dLeclerc
73%
200119y 07m 04dAlonso
65%
201520y 06m 14dSainz
59%
201718y 04m 26dStroll
57%
201619y 11m 11dOcon
51%
200020y 01m 22dButton
31%
201419y 10m 18dKvyat
24%
200919y 04m 03dAlguersuari
16%
200920y 04m 29dBuemi
14%
196119y 06m 27dRodriguez
4%
196319y 10m 20dAmon
3%
195220y 06m 12dCollins
3%
197820y 01m 22dCheever
2%
199620y 02m 12dMarques
2%
195020y 02m 19dRuttman
2%
198019y 05m 29dThackwell
2%
199819y 10m 14dTuero
2%

Score Distribution

Percentile by Number Answered

Percent of People with Each Score

Your Score History

You have not taken this quiz